Регионална библиотека "Любен Каравелов" - Русе

Кръстци (Запис номер 176192)

MARC детайли
000 -Лидер
Контролно поле с фиксирана дължина 01405nam a2200349 c 4500
003 - Код на организацията, давaща контролен номер
Контролно поле BLK
005 - Дата и час на последна редакция
Контролно поле 20240621005334.0
008 - Елементи от данни с фиксирана дължина
fixed length control field 180411b bul|||||r ||||||| ||bul||
010 ## - Наследен системен номер
LC control number KNG00184797000
040 ## - Източник на каталожния запис
Идентификатор на билиотеката - собственик на записа BLK
041 ## - Код за език
Код за езика на текст/звукозапис или на отделно заглавие Български
Код за езика КДБФ Български
080 ## - УДК
Текстов определител УДК Отделни родове. Фамилии. История на родовете
УДК код - определител по УДК 929.52
УДК определител (497.2) Каравасилеви
УДК - код + определител 929.52(497.2) Каравасилеви
080 ## - УДК
Текстов определител УДК Българска литература
УДК код - определител по УДК 821.163.2
УДК определител -32
УДК - код + определител 821.163.2-32
100 1# - Редна дума - Автор
Автор Каравасилев, Васил
Авторска отговорност първи автор
R(LIN) 383318
139 ## - Редно поле
Редна дума Каравасилев, Васил
Авторски знак Карав - К 29
245 10 - Сведения за заглавието
Заглавие Кръстци
Подзаглавни данни Докум. разкази за Каравасилевия род
Редно поле (дума) Васил Каравасилев.
257 ## - Страна на издаване
Страна на създаване/издаване България
260 ## - Област на издателските данни
-- Бургас
Име на издателя, разпространителя и проч. Изд. авт.
Година на издаване 1993
Печатница Русе : Дунав прес
300 ## - Физическа характеристика
Страници 71 с., 10 л.
Илюстрации и др. ил., портр., факс.
Размери/Мащаб 20 см
380 ## - Жанр
Жанр История
500 ## - Общи забележки
Забележка Офс. изд.
650 #0 - Допълнително описание по предмет – тема
Основно описание – тема или топоним Родове, български
9 (RLIN) 242498
650 #4 - Допълнително описание по предмет – тема
Основно описание – тема или топоним Генеалогия
9 (RLIN) 151751
653 ## - Ключова дума – ненормативна
Ключова дума български родове
653 ## - Ключова дума – ненормативна
Ключова дума генеалогия
852 ## - Местоположение
Форматна сигнатура Цб 178152
856 4# - Електронен адрес и достъп
Електронен формат pdf - файл
Път до файла /url/
856 4# - Електронен адрес и достъп
Електронен формат pdf - файл
Път до файла /url/
942 ## - АРТИКУЛИ
Вид на библиотечния материал Книги
Скрит в OPAC Не
944 ## - СЪЗДАВАНЕ И РЕДАКЦИЯ на ЗАПИСА
Създаване/Редакция Създаване
Дата на регистрацията/редакция 12.11.2015
Служител, извършил регистрацията/редакцията
Статус, дата на статуса CRON CRON
944 ## - СЪЗДАВАНЕ И РЕДАКЦИЯ на ЗАПИСА
Създаване/Редакция Редакция
Дата на регистрацията/редакция 24.10.2016
Служител, извършил регистрацията/редакцията Любка_Николова
999 ## - СИСТЕМНИ КОНТРОЛНИ НОМЕРА
Koha biblionumber 176192
Koha biblioitemnumber 176192
Наличности
Код за отписване Код за изгубен артикул Код за повреда Коз за рестрикции Код за отдаване Артикулен № Име на библиотеката - собственик Име на библиотеката, в която се намира в момента Статус (Текущо местоположение) Дата на вписване в системата Местоположение - отдел Цена в лева Инвентарен номер Систематично азбучна сигнатура Баркод Номер на екземпляра Цена в евро Служебна бележка Служебен тип на артикула Източник на класификационната схема
  Не е изгубен Не е повреден без рестрикции ползва се в читалня 303276 Регионална библиотека "Любен Каравелов" Русе Регионална библиотека "Любен Каравелов" Русе Хранилище 1993-01-01 Хранилище 0.00 593048 Цб 178152 593048 1 0.00 Дост: Dp Вид: Д N: стар фонд Дата: 01.01.1993 Дата инв: 12.11.2015 Бележки инв: Цб2015 Книги  
  Не е изгубен Не е повреден без рестрикции заемане за дома 303277 Регионална библиотека "Любен Каравелов" Русе Регионална библиотека "Любен Каравелов" Русе Заемна - подръчен фонд 1993-01-01 Заемна - подръчен фонд 0.00 617688 929/К 29 В 120000617688 2 0.00 Вид: Сф N: стар гонд Дата: 01.01.1993 Дата инв: 07.02.2018 Бележки инв: П2018 Книги Universal Decimal Classification
Vip Innovations Ltd, Rousse, Bulgaria 2025